000 00453nam a2200181Ia 4500
001 4801
005 20260306145821.0
008 260306t2018||||xx |||||||||||||| ||spa||
041 _aESP
082 _a330.122
_bB85
100 _aBruni, Luigino,
_eAUT
245 0 _aVirtudes y vicios del mercado :
_bpalabras para una economía humana
260 _c2018
300 _a107 páginas :
_c
650 _aGEN
654 _aCAN
942 _cLIB
_dJUS
_fJUS
_2ddc
_n
999 _c4801
_d4801